000 00236nam a22000857a 4500
008 161201b xxu||||| |||| 00| 0 eng d
100 _91634
_aKumar. k
245 _aPrimary instraction in english main course
260 _aNew delhi
_bOxford
_c2005
999 _c4348
_d4348